The wonders of calligraphy (Record no. 34723)

MARC details
000 -LEADER
fixed length control field 00453nam a22001817a 4500
005 - DATE AND TIME OF LATEST TRANSACTION
control field 20231114185636.0
008 - FIXED-LENGTH DATA ELEMENTS--GENERAL INFORMATION
fixed length control field 231114b |||||||| |||| 00| 0 eng d
020 ## - INTERNATIONAL STANDARD BOOK NUMBER
ISBN 9789693518931
082 ## - DEWEY DECIMAL CLASSIFICATION NUMBER
Classification number 745.619
Item number KHU-W
100 ## - MAIN ENTRY--AUTHOR
Author Name Khurshid Alam
245 ## - TITLE STATEMENT
Title The wonders of calligraphy
260 ## - PUBLICATION, DISTRIBUTION, ETC.
Place of Publication Pakistan
Name of publisher, distributor, etc. Sang-e-meel publisher
Date of publication, distribution, etc. 2006
300 ## - PHYSICAL DESCRIPTION
Pages 213
500 ## - GENERAL NOTE
General note Include Index
650 ## - SUBJECT ADDED ENTRY--TOPICAL TERM
Subject / Department Architecture
700 ## - ADDED ENTRY--PERSONAL NAME
Personal name Khurshid Alam
952 ## - LOCATION AND ITEM INFORMATION (KOHA)
-- 0
-- 0
952 ## - LOCATION AND ITEM INFORMATION (KOHA)
-- 0
-- 0
Holdings
Lost status Damaged status Collection code Permanent Location Current Location Shelving Location Date acquired Full Call Number Accession No./Barcode Date last seen Copy number item type Koha item type
    Architecture Superior Information Resource Center (SIRC) Superior University- Main Campus Superior Information Resource Center (SIRC) Superior University- Main Campus Architecture 11/14/2023 645.619 KHU-W 2006 20994 11/14/2023 1 BOOK BOOK
    Architecture Superior Information Resource Center (SIRC) Superior University- Main Campus Superior Information Resource Center (SIRC) Superior University- Main Campus Architectuire 11/14/2023 645.619 KHU-W 2006 20995 11/14/2023 2 BOOK BOOK

Powered by Koha